| 000 | 01959nam a2200421 a 4500 | ||
|---|---|---|---|
| 001 | 000012902 | ||
| 003 | DO-SdBNP | ||
| 005 | 20180314114935.0 | ||
| 007 | 000012902 | ||
| 008 | 091118s2009 dr ac 000 0 spa d | ||
| 020 | _a9789945171730 | ||
| 040 |
_aBPMSU _bspa _cBPMSU |
||
| 082 | 0 | 4 |
_a373.6561 _bL566L 1ro. 2009 |
| 245 | 0 | 0 |
_aLengua y literatura 1 : _beducación media / _cdirección editorial Luis Miguel Aguas Vanin ; coordinación Mónica Volonteri ; ilustración Montserrat Ubach Figueras. |
| 260 |
_aSanto Domingo : _bSM, _c2009. |
||
| 300 |
_a279 p. : _bil. ; _c27 cm. |
||
| 490 | 1 | _aEducación en valores | |
| 505 | 0 |
_gUnidad -- _tAl inicio, la palabra -- _tDe la canción al retrato -- _tRima, métrica amor y muerte -- _tLeyendas sonetos y décimas -- _tPintar con palabra -- _tEmociones en escena -- _tProyecto 1 : Cuéntalo con teatro -- _tHechos en palabras -- _tSomos como hablamos -- _tCausas y soluciones -- _tDatos y testimonios -- _tEl futuro es hoy -- _tImágenes que venden -- _tProyecto 2 : Difundir nuestros derechos -- _tAnexo: Las figuras literarias. |
|
| 650 | 4 |
_aESPAÑOL _xENSEÑANZA SECUNDARIA |
|
| 650 | 4 |
_aESPAÑOL _xEDUCACIÓN SECUNDARIA |
|
| 650 | 4 |
_aESPAÑOL _xLIBROS DE TEXTOS |
|
| 650 | 4 |
_aESPAÑOL _xESTUDIOS Y EJERCICIOS |
|
| 650 | 4 |
_aEDUCACIÓN SECUNDARIA _zREPÚBLICA DOMINICANA |
|
| 650 | 4 |
_aLITERATURA _xENSEÑANZA BÁSICA |
|
| 650 | 4 |
_aLITERATURA _xEDUCACIÓN SECUNDARIA |
|
| 650 | 4 |
_aLITERATURA _xESTUDIOS Y EJERCICIOS |
|
| 650 | 4 |
_aLITERATURA _xLIBROS DE TEXTOS |
|
| 700 | 1 |
_aAguas Vanin, Luis Miguel, _eed. |
|
| 700 | 1 | _aVolonteri, Mónica | |
| 830 | 0 | _pEducación en valores | |
| 910 | _aValidado. Control de calidad MFF | ||
| 942 |
_2ddc _cBK |
||
| 945 | _aRemanejado para la BNPHU / 2018 BT | ||
| 956 |
_aDGARCIA _b10 _c20150806 _lBND01 _h0948 |
||
| 956 |
_aLOPEREZ _b10 _c20150807 _lBND01 _h1255 |
||
| 956 |
_aVMATEO _b10 _c20150813 _lBPMSU _h00151 |
||
| 956 |
_aLOPEREZ _b10 _c20160401 _lBPMSU _h00041 |
||
| 999 |
_c8196 _d8196 |
||